El papel del estado respecto de los derechos de las minorías ante la discriminación (Registro nro. 24138)
[ vista simple ]
| 000 -LEADER | |
|---|---|
| fixed length control field | 00361 a2200109 4500 |
| 001 - CONTROL NUMBER | |
| control field | ART_40018 |
| 005 - DATE AND TIME OF LATEST TRANSACTION | |
| control field | 20260410161841.0 |
| 008 - FIXED-LENGTH DATA ELEMENTS--GENERAL INFORMATION | |
| fixed length control field | 260409a |
| 100 1# - MAIN ENTRY--PERSONAL NAME | |
| Personal name | Caputi, María Claudia |
| 245 10 - TITLE STATEMENT | |
| Title | El papel del estado respecto de los derechos de las minorías ante la discriminación |
| 773 0# - HOST ITEM ENTRY | |
| Title | RAP |
| Related parts | - Año 24, Nº 281 (feb. 2002) |
| Record control number | REV5941 |
No hay ítems disponibles.